Largest Urban Areas in the Americas A-Z - Statistics

General Stats
  • This quiz has been taken 44 times
    22 since last reset
  • The average score is 20 of 26
Answer Stats
Population Country City % Correct
B 14,122,000 Argentina Buenos Aires
100%
D 6,174,000 United States Dallas
95%
N 23,723,696 United States New York
95%
R 11,727,000 Brazil Rio de Janeiro
95%
T 6,054,191 Canada Toronto
95%
V 2,135,201 Canada Vancouver
95%
C 9,156,000 United States Chicago
89%
E 1,363,300 Canada Edmonton
89%
H 5,764,000 United States Houston
89%
L 15,058,000 United States Los Angeles
89%
M 20,063,000 Mexico Mexico City
89%
Q 1,720,000 Ecuador Quito
89%
G 4,603,000 Mexico Guadalajara
84%
S 20,365,000 Brazil Sao Paulo
84%
W 4,889,000 United States Washington, D.C.
84%
A 5,015,000 United States Atlanta
79%
K 1,593,000 United States Kansas City
79%
P 5,570,000 United States Philadelphia
79%
F 3,401,000 Brazil Fortaleza
74%
I 1,617,000 United States Indianapolis
74%
J 1,154,000 United States Jacksonville
74%
O 2,040,000 United States Orlando
74%
Y 555,506 United States Youngstown
42%
X 413,136 Mexico Xalapa
32%
U 818,395 Brazil Uberlândia
26%
Z 186,102 Mexico Zamora
11%
No matching quizzes found
Score Distribution
Percent of People with Each Score
Percentile by Number Answered
Your Score History
You have not taken this quiz since the last reset